| 000 | 00786nam a2200253 a 4500 | ||
|---|---|---|---|
| 005 | 20230524064045.0 | ||
| 008 | 020628s1998 mx r 000 0 spa d | ||
| 020 | _a9507012109 | ||
| 035 | _aUPN01000117943 | ||
| 049 | _aCG | ||
| 050 | 4 |
_aLB1590.3 _bK6.2 1998 |
|
| 100 | 1 | _aKozak, Débora | |
| 245 | 1 | 0 |
_aCaminos cruzados : _b(constructivismo y contenidos escolares) / _cDébora Kozak, Marina Kriscautzky, María Beatriz Díaz |
| 250 | _a2a ed. | ||
| 260 |
_aBuenos Aires : _bAique, _c1998. |
||
| 300 | _a130 p. | ||
| 440 | 0 | _aEstrategias de aula | |
| 650 | 2 |
_aConstructivismo (Educación) _91516 |
|
| 650 | 4 |
_aPrácticas de la enseñanza _92849 |
|
| 700 | 1 |
_aKriscautzky, Marina, _ecoaut. |
|
| 700 | 1 |
_aDíaz, María Beatriz, _ecoaut. |
|
| 905 | _aLibro | ||
| 999 |
_c90348 _d90348 |
||